000 00558nam a2200193Ia 4500
005 20250508162804.0
008 008 250505s9999 xx 000 0 eng d
020 _a81-85316-26-0
037 _aTextual
040 _aFEDL
_beng
_cFEDL
041 _aeng
_2eng
084 _a371.7, NAN
_qFEDL
100 _aNangia Suman
_989237
245 0 _aPersonality characteristics of Indian sportsperson
260 _aAgra, India
_bNational Psychological Corporation
300 _axii,172p
942 _cTEXL
_h371.7, NAN
999 _c1378692
_d1378692